Marco teórico
I tiakina i:
| Kaituhi rangatōpū: | |
|---|---|
| Hōputu: | Pukapuka |
| Reo: | Pāniora |
| I whakaputaina: |
Santiago
UNESCO
2004
|
| Putanga: | 1a. ed |
| Rangatū: | Colección Cuadernos de Ejercicios para la Enseñanza de los Derechos Humanos
|
| Ngā marau: | |
| Ngā Tūtohu: |
Tāpirihia he Tūtohu
Kāore He Tūtohu, Me noho koe te mea tuatahi ki te tūtohu i tēnei pūkete!
|
MARC
| LEADER | 00000nam a2200000 a 4500 | ||
|---|---|---|---|
| 001 | UCK1725 | ||
| 003 | CL-VaPUC | ||
| 008 | 041126e20040900CL |||||||||||||||||spa|d | ||
| 020 | |a 9568302239 | ||
| 082 | 0 | 4 | |a 370.115 |b UNE |2 21 |
| 110 | 2 | |a UNESCO |e author |9 489561 | |
| 245 | 1 | 0 | |a Marco teórico |
| 250 | |a 1a. ed | ||
| 300 | |a 8 p | ||
| 942 | |c BK | ||
| 945 | |d 20041126 00:00:00 |a vberengu | ||
| 260 | |a Santiago |b UNESCO |c 2004 | ||
| 650 | 0 | |a Derechos humanos |9 223025 | |
| 650 | 0 | |a Derechos fundamentales |9 254841 | |
| 650 | 7 | |a DERECHOS HUMANOS - ENSEÑANZA |2 CL-VaPUC |9 489562 | |
| 650 | 0 | |a Métodos de enseñanza |9 270413 | |
| 650 | 0 | |a Derechos civiles |9 255655 | |
| 583 | |a last modification |c 20041126 00:00:00 |k Rodrigo Vera | ||
| 490 | 0 | |a Colección Cuadernos de Ejercicios para la Enseñanza de los Derechos Humanos | |
| 999 | |c 311539 |d 311537 | ||
| 952 | |0 0 |1 0 |4 0 |6 370_115000000000000_UNE_2004 |7 0 |8 A |9 380988 |a FDOPOS |b FDOPOS |d 2019-11-21 |i 4082486 |o 370.115 UNE 2004 |p 4082486 |r 2023-08-09 |w 2019-11-21 |y BK |k MLA | ||